Monsters, Beasts and Scary Creatures - Statistics

General Stats
  • This quiz has been taken 212 times
  • The average score is 13 of 26
Answer Stats
A-Z Hint Answer % Correct
D Fire breathing reptile Dragon
97%
A E.T. and Paul were the rare non invading type Alien
90%
V Count Dracula was the most famous of these Vampire
88%
G Disembodied spirit of one who has died Ghost
84%
Z Re-animated corpse Zombie
82%
L Mischievious little person from Ireland Leprechaun
81%
E A 'hare' associated with chocolate eggs Easter Bunny
80%
M Human/bull hybrid Minotaur
76%
H Multi-headed water serpent/dragon Hydra
75%
C 'Goat-sucker' known for sucking the blood of livestock Chupacabra
66%
S Spirit that puts people to sleep by putting sand in their eyes Sandman
64%
I Small demonic servant Imp
59%
P Small childlike fairy creature Pixie
58%
J Rabbit with antelope horns Jackalope
56%
O Large grotesque humanoid Ogre
55%
T Scandinavian creature which lives in caves or mountains Troll
54%
Q An Aztec god, a 'feathered serpent' Quetzalcoatl
29%
B Large Australian creature that lives in swamp like areas Bunyip
19%
F Supernatural entity often associated with witches Familiar
19%
W Giant demonic wolf Warg
15%
N Freshwater nymph Naiad
14%
R Japanese dragon Ryú
13%
U A water elemental Undine
7%
Y Antelope or goat like creature from heraldry with swivelling horns Yale
5%
K Japanese demon from the sky that carries away corpses Kasha
3%
X Female Albanian elf Xindha
2%
No matching quizzes found
Score Distribution
Percent of People with Each Score
Percentile by Number Answered
Your Score History
You have not taken this quiz